000 00217nam a22000857a 4500
008 161124b xxu||||| |||| 00| 0 eng d
100 _91341
_aBPI India
245 _aDipanker the Dugong
260 _aNew Delhi
_bBPI India
_c2011
999 _c4054
_d4054